Normal view
MARC view
Entry Personal Name
001 - CONTROL NUMBER
- control field: 6549
003 - CONTROL NUMBER IDENTIFIER
- control field: BD-RjUL
005 - DATE AND TIME OF LATEST TRANSACTION
- control field: 20230112161550.0
008 - FIXED-LENGTH DATA ELEMENTS
- fixed length control field: 230112|| aca||aabn | a|a d
040 ## - CATALOGING SOURCE
- Original cataloging agency: BD-RjUL
- Transcribing agency: BD-RjUL
100 ## - HEADING--PERSONAL NAME
- Personal name: Akter, Kuhilika
670 ## - SOURCE DATA FOUND
- Source citation: Work cat.: (BD-RjUL)81061: Akter, Kuhilika,, Determinants of Hyperhomocysteinemia in type 2 Diabetic Subjects / , 2012